Loading...
| Arts - Music | 1 | 30.00 | 100% | 100% | 100% |
| Arts - Other Arts | 2 | 20.00 | 100% | 100% | 0% |
| History - American History | 1 | 20.00 | 100% | 100% | 0% |
| History - European | 1 | 20.00 | 100% | 100% | 0% |
| History - Other History | 1 | 30.00 | 100% | 100% | 100% |
| History - World History | 2 | 20.00 | 100% | 0% | 100% |
| Literature - American Lit | 1 | 30.00 | 100% | 100% | 100% |
| Literature - British Lit | 2 | 25.00 | 100% | 100% | 50% |
| Literature - European Lit | 2 | 30.00 | 100% | 100% | 100% |
| Literature - World Lit | 2 | 25.00 | 100% | 100% | 50% |
| Mythology | 1 | 20.00 | 100% | 100% | 0% |
| Other - Geo/CE | 2 | 10.00 | 100% | 0% | 0% |
| Other Academic | 1 | 20.00 | 100% | 100% | 0% |
| Pop Culture | 1 | 10.00 | 100% | 0% | 0% |
| Science - Biology | 2 | 5.00 | 50% | 0% | 0% |
| Science - Other Science | 2 | 15.00 | 100% | 50% | 0% |
| Science - Physics | 2 | 10.00 | 100% | 0% | 0% |
| Thought - Philosophy | 2 | 20.00 | 100% | 50% | 50% |
| Thought - Social Science | 1 | 20.00 | 100% | 100% | 0% |